Statistiche per Capitali per Fuso Orario - UTC-4

Clicka qui per fare il quiz!

Statistiche generali

  • Questo quiz è stato fatto 2 volte
  • Il punteggio medio è 5 su 15

Statistiche sulle risposte

ContinenteCapitale% Corretto
America del SudGeorgetown
100%
America del NordBridgetown
50%
America del SudCaracas
50%
America del NordKingstown
50%
America del SudLa Paz
50%
America del NordPort of Spain
50%
America del NordRoseau
50%
America del SudSantiago
50%
America del SudSucre
50%
America del SudAsuncion
0%
America del NordBasseterre
0%
America del NordCastries
0%
America del NordSaint George's
0%
America del NordSaint John's
0%
America del NordSanto Domingo
0%

Distribuzione punteggi

Percentile per numero di risposta

Percentuale di utenti per punteggio

I tuoi punteggi nel tempo

Non hai fatto questo quiz